Most Appearances at the UEFA EUROs - Statistics

General Stats
  • This quiz has been taken 186 times
    107 since last reset
  • The average score is 17 of 26
Answer Stats
# Apps. Country Tournaments Answer % Correct
1 30 Portugal 2004, '08, '12, '16, '20, '24 Cristiano Ronaldo
100%
2 23 Portugal 2008, '12, '16, '20, '24 Pepe
97%
9 17 Germany 2012, '16, '20, '24 Thomas Müller
91%
6 18 England 2016, '20, '24 Harry Kane
88%
3 20 Germany 2012, '16, '20, 24 Manuel Neuer
88%
9 17 Italy 2008, '12, '16, '20 Giorgio Chiellini
79%
14 16 Croatia 2008, '12, '16, '20, '24 Luka Modrić
78%
14 16 Spain 2008, '12, '16 Andrés Iniesta
77%
4 19 Germany 2012, '16, '20, 24 Toni Kroos
76%
9 17 Italy 2004, '08, '12, '16 Gianluigi Buffon
73%
6 18 Italy 2012, '16, '20 Leonardo Bonucci
73%
22 15 Spain 2008, '12, '16 Sergio Ramos
69%
9 17 France 2016, '20, '24 Antoine Griezmann
67%
22 15 France 2012, '16, '20, '24 Olivier Giroud
63%
22 15 France 2012, '16, '20 Hugo Lloris
59%
9 17 Spain 2016, '20, '24 Álvaro Morata
57%
6 18 Germany 2004, '08, '12, '16 Bastian Schweinsteiger
53%
4 19 Portugal 2008, '12, '16, '20 João Moutinho
52%
22 15 Spain 2008, '12, '16 David Silva
49%
14 16 Spain 2012, '16, '20 Jordi Alba
49%
22 15 Portugal 2008, '12, '16 Nani
47%
14 16 England 2016, '20, '24 Kyle Walker
44%
14 16 Portugal 2012, '16, '20 Rui Patrício
44%
14 16 Netherlands 1996, '00, '04, '08 Edwin van der Sar
37%
14 16 Spain 2008, '12, '16 Cesc Fàbregas
31%
14 16 France 1996, '00, '04, '08 Lilian Thuram
24%
No matching quizzes found
Score Distribution
Percent of People with Each Score
Percentile by Number Answered
Your Score History
You have not taken this quiz since the last reset